LIBRARY & INFORMATION CENTRE, KCAET, TAVANUR

ONLINE PUBLIC ACCESS CATALOGUE (OPAC)

Nadaka mi mila / (Record no. 3620)

MARC details
000 -LEADER
fixed length control field 00286cam a2200133ua 4500
041 ## - LANGUAGE CODE
Language code of text/sound track or separate title hin
082 ## - DEWEY DECIMAL CLASSIFICATION NUMBER
Classification number 891.43
Item number RAM/NA
100 ## - MAIN ENTRY--AUTHOR NAME
Personal name Rameshan, .
245 ## - TITLE STATEMENT
Title Nadaka mi mila /
300 ## - PHYSICAL DESCRIPTION
Number of Pages 29 ; .
942 ## - ADDED ENTRY ELEMENTS (KOHA)
Koha item type Books
Holdings
Withdrawn status Lost status Damaged status Home library Current library Date acquired Full call number Accession Number Koha item type
Withdrawn     KAUAET Sanskrit University 07/04/2012 891.43 RAM/NA 10565 Books
free website counter